La Medusa de mármol. Escritos sobre lo grotesco
Uloženo v:
| Hlavní autor: | |
|---|---|
| Další autoři: | |
| Médium: | Neznámo |
| Jazyk: | angličtina |
| Vydáno: |
Madrid, España:
Antonio Machado Libros,
2019
|
| Edice: | La balsa de la medusa, 22
|
| Témata: | |
| Tagy: |
Přidat tag
Žádné tagy, Buďte první, kdo vytvoří štítek k tomuto záznamu!
|
MARC
| LEADER | 00000 a2200000 4500 | ||
|---|---|---|---|
| 003 | CL-VaPUC | ||
| 005 | 20220421165514.0 | ||
| 008 | 220328b2019 ||||| |||| 00| 0 eng d | ||
| 999 | |c 434873 |d 434871 | ||
| 020 | |a 978-84-7774-333-0 | ||
| 040 | |c Pontificia Universidad Católica de Valparaíso | ||
| 082 | 7 | |a 808.8038 RUS 2019 |2 22 | |
| 100 | |a Ruskin, John |9 329676 |e autor | ||
| 245 | |a La Medusa de mármol. Escritos sobre lo grotesco | ||
| 260 | |a Madrid, España: |b Antonio Machado Libros, |c 2019 | ||
| 300 | |a 122 páginas | ||
| 490 | |a La balsa de la medusa, 22 | ||
| 583 | |k Sebastián Perez |c 20220328 | ||
| 650 | |a Grotesco en el arte |9 867983 | ||
| 650 | 0 | |a Grotesco en la literatura |9 414059 | |
| 700 | |a Bozal, Amaya |e edición y traducción |9 867753 | ||
| 942 | |2 ddc |c BK | ||
| 952 | |0 0 |1 0 |2 ddc |4 0 |6 808_803800000000000_RUS_2019 |7 0 |8 A |9 582203 |a BIBART |b BIBART |c GEN |d 2022-03-28 |e 159 |g 16500.00 |i 5650414 |l 1 |o 808.8038 RUS 2019 |p 5650414 |r 2025-04-15 |s 2025-04-08 |t 1 |v 16500.00 |w 2022-03-28 |y BK |k ART | ||